Comunicación y Ciencias Sociales = Communication and Social Sciences /
Se hace referencia a la relación entre la comunicación y las Ciencias Sociales; para ello además se realiza un recorrido por la conformación de la carrera de Ciencias de la Comunicación Colectiva y los inicios de la misma. Se señalan además, los retos que la misma ha enfrentado, así como distintas c...
Shranjeno v:
| Glavni avtor: | |
|---|---|
| Drugi avtorji: | |
| Format: | Texto |
| Teme: | |
| Oznake: |
Označite
Brez oznak, prvi označite!
|
MARC
| LEADER | 00000 a a2200000 04500 | ||
|---|---|---|---|
| 001 | 41100 | ||
| 003 | |||
| 040 | |||
| 100 | |a Vega Jiménez, Patricia | ||
| 245 | |a Comunicación y Ciencias Sociales = |b Communication and Social Sciences / |c Patricia Vega Jiménez ; Marvin Amador Guzmán | ||
| 520 | |a Se hace referencia a la relación entre la comunicación y las Ciencias Sociales; para ello además se realiza un recorrido por la conformación de la carrera de Ciencias de la Comunicación Colectiva y los inicios de la misma. Se señalan además, los retos que la misma ha enfrentado, así como distintas críticas de las cuales ha sido centro. Se finaliza, mencionando las nuevas perspectivas y los retos a enfrentar en la actualidad. | ||
| 590 | |a KSR/JULIO2012 | ||
| 650 | |a COMUNICACION | ||
| 650 | |a CIENCIAS SOCIALES | ||
| 650 | |a FACULTAD DE CIENCIAS SOCIALES | ||
| 650 | |a UNIVERSIDAD DE COSTA RICA | ||
| 700 | |a Amador Guzmán, Marvin | ||
| 773 | |g volumen89, número1 (2010), páginas 175-177 | ||
| 999 | |c 25065 |d 25065 | ||
